|
|
|
|
| LEADER |
00000cam a2200000 7i4500 |
| 001 |
0000000580 |
| 005 |
20161013093000.0 |
| 008 |
021118s1985 |
| 090 |
0 |
0 |
|a B745.M33
|b M8 1985
|
| 100 |
1 |
|
|a مروة، حسين ,
|e author
|
| 245 |
1 |
2 |
|a النزعات المادية في الفلسفة العربية الاسلامية
|c حسين مروة
|
| 260 |
2 |
|
|a Bayrut :
|b Dar al-Farabi ,
|c 1985
|
| 300 |
|
|
|a 2 v. ;
|c 25 cm.
|
| 650 |
|
0 |
|a Islamic philosophy
|
| 650 |
|
0 |
|a Philosophy, Arab
|
| 740 |
0 |
2 |
|a Naza`at al-maddiyah fi al-falsafah al-Arabiyah al-Islamiyah
|
| 999 |
|
|
|a 1000013003
|b Book
|c OPEN SHELF (30 DAYS)
|e Gong Badak Campus
|
| 999 |
|
|
|a 1000013004
|b Book
|c OPEN SHELF (30 DAYS)
|e Gong Badak Campus
|
| 999 |
|
|
|a 1000048575
|b Book
|c OPEN SHELF (30 DAYS)
|e Gong Badak Campus
|
| 999 |
|
|
|a 1000081135
|b Book
|c OPEN SHELF (30 DAYS)
|e Gong Badak Campus
|